000 01455nam a22003737a 4500
003 CHAP
005 20220329134952.0
008 971013s1983 mx a r 00010 spa d
010 _a28829
011 _a29801
035 _a33912
040 _cCHAP
090 _aFolleto 10072
100 0 0 _aLeal Acosta, Oscar.
_965280
245 1 0 _aGuías para producir garbanzo en el Valle de Santo Domingo
_c/por Oscar Leal Acosta, José G. Loya Ramírez y Manuel de J. Luna Cisneros
260 _aConstitución, B.C.S. :
_bINIA. Campo Agrícola Experimental Valle de Sto. Domingo,
_c1983
300 _a23 p. :
_bilus.
490 _aINIA. Folleto para productores
_v; 2
590 _aBATCH-UPD
_b10
_c20130110
_lUCH01
_h0208
590 _aBATCH-UPD
_b10
_c20130110
_lUCH01
_h0927
590 _aBATCH-UPD
_b10
_c20130409
_lUCH01
_h2222
590 _aBATCH-UPD
_b10
_c20130410
_lUCH01
_h1127
590 _aBATCH-UPD
_b10
_c20130914
_lUCH01
_h1526
590 _aCONVERSION
_b10
_c20130109
_lUCH01
_h1316
650 1 4 _aGarbanzo.
_945596
700 0 _aLoya Ramírez, José Guadalupe.
_968696
700 0 _aLuna Cisneros, Manuel de J.
_969033
710 0 2 _aINIA. México. Campo Agrícola Experimental Valle de Santo Domingo.
_958528
830 0 _aINIA. Folleto para productores
_v; 2
_958462
901 _aBK
942 _cFOLL
949 _aFolleto 10072
_bBC
_cFOLL
_d-78706
_eTS1
_i33912
_mD
_si
949 _aFolleto 10072
_bBC
_cFOLL
_d33724002247272
_eTS2
_fc.2
_gDonaciØn
_i33912
_sb
999 _c28829
_d28829